000 00776nam a22002057a 4500
003 0
005 20250916110201.0
008 250916b xxu||||| |||| 00| 0 eng d
020 _a978-0-443-22143-9
050 _aTK 5105.5
_b.I58 2025
245 _aIntegrated sensing and communications for future wireless networks :
_bprinciples, advances and key enabling technologies /
_cedited by Aryan Kaushik.
260 _aLondon, UK :
_bAcademic Press,
_c2025.
300 _axxi, 425 pages :
_billustrations ;
_c24 cm.
504 _aIncludes bibliographical references and index.
650 _aWireless communication systems.
650 _aMobile communication systems.
650 _aSensor networks.
650 _aComputer networks
_xTechnological innovations.
942 _2lcc
_cBK
999 _c367979
_d367979